Library and Information Center Management /

Contenido: Cambio: el proceso de innovación; Evolución de la administración: su impacto en las bibliotecas y centros de información; Planeación de los servicios de información; Estrategia: pensar y hacer; Las organizaciones y la cultura organizacional; Estructurando la organización: especialización...

Ausführliche Beschreibung

Gespeichert in:
Bibliographische Detailangaben
1. Verfasser: Stueart, Robert D. (autor)
Weitere Verfasser: Moran, Barbara B. (autor) (autor)
Format: Buch
Sprache:Englisch
Veröffentlicht: Westport, EUA : Libraries Unlimited, 2002, c2002
Ausgabe:6a edición
Schriftenreihe:(Library and Information Science Text Series)
Schlagworte:
Tags: Tag hinzufügen
Keine Tags, Fügen Sie das erste Tag hinzu!

MARC

LEADER 00000nam^a2200000^a^4500
001 000183574
005 20250521000000.0
009 20260310102044.853
020 |a 1-56308-986-6 
037 |a Acervo ITESO - Biblioteca 
041 |a ING 
082 |a 025. 1  |b STU 
100 |a Stueart, Robert D.  |e (autor) 
245 1 0 |a Library and Information Center Management /  |c R.D. Stueart, B.B. Moran. 
250 |a 6a edición 
264 4 |a Westport, EUA :  |b Libraries Unlimited,  |c 2002, c2002 
300 |a XXV, 494 p. 
336 |a texto  |b txt  |2 rdacontenido 
337 |a sin mediación  |b n  |2 rdamedio 
338 |a volumen  |b nc  |2 rdasoporte 
440 1 |a (Library and Information Science Text Series) 
520 |a Contenido: Cambio: el proceso de innovación; Evolución de la administración: su impacto en las bibliotecas y centros de información; Planeación de los servicios de información; Estrategia: pensar y hacer; Las organizaciones y la cultura organizacional; Estructurando la organización: especialización y coordinación; Tipos de organizaciones formales: hoy en el futuro; Personal de la biblioteca; Función de los recursos humanos en la biblioteca; Otros temas sobre la administración de recursos humanos; El elemento humano en la organización; Liderazgo; Comunicación y temas relacionados; Coordinación y reportes; Control financiero; Administradores: la siguiente generación. 
649 |a XX 
650 |a Información -  |x Administración 
650 |a Bibliotecas -  |x Administración 
650 |a Centros de Información -  |x Administración 
650 |a Servicios de Referencia 
650 |a Liderazgo 
650 |a Toma de Decisiones 
650 |a Control Interno 
650 |a Planeación Administrativa 
650 |a Planeación Estratégica 
650 |a Cambio Organizacional 
650 |a Desarrollo Organizacional 
650 |a Organización Administrativa 
650 |a Cultura Organizacional 
650 |a Comunicación Organizacional 
650 |a Evaluación del Desempeño 
650 |a Recursos Humanos -  |x Dirección 
650 |a Administración Financiera 
650 |a Administración 
650 |a Ciencias Administrativas 
650 |a Biblioteconomía 
700 |a Moran, Barbara B.  |e (autor) 
910 |a Fondo General 
920 |a Impresos - Libros 
930 |a Obras de Referencia 
940 |a Biblioteconomía 
905 |a 102 
901 |a 0500123867  |b IT2  |c REF  |u 20250521 
902 |a https://opac.biblio.iteso.mx/vufind/Record/000183574